Zmeny vo vnímaní marketingu u firiem exportujúcich ložiská podporia ich expanziu

Náročné konkurenčné prostredie pre firmy zaoberajúce sa exportom valivých ložísk vyrábaných pod značkami ZVL/ZKL. Trendy obchodu a smerovanie firiem zaoberajúcich sa exportom ložísk ZVL/ZKL. Snaha o zmenu marketingového myslenia. Budúcnosť firiem exportujúcich značky ZVL/YKL.

Salvato in:
Dettagli Bibliografici
Autore principale: Jurík, Pavol
Natura: Capitolo di libro
Lingua:slovacco
Soggetti:
Tags: Aggiungi Tag
Nessun Tag, puoi essere il primo ad aggiungerne!!

MARC

LEADER 00000naa a2200000 4500
001 r048693
005 20230907084647.1
041 0 |a slo 
044 |a SK 
245 1 0 |a Zmeny vo vnímaní marketingu u firiem exportujúcich ložiská podporia ich expanziu  |c Pavol Jurík 
520 |a Náročné konkurenčné prostredie pre firmy zaoberajúce sa exportom valivých ložísk vyrábaných pod značkami ZVL/ZKL. Trendy obchodu a smerovanie firiem zaoberajúcich sa exportom ložísk ZVL/ZKL. Snaha o zmenu marketingového myslenia. Budúcnosť firiem exportujúcich značky ZVL/YKL. 
610 2 0 |a marketing 
610 2 0 |a továrne 
610 2 0 |a výroba 
610 2 0 |a priemysel strojársky 
610 2 0 |a vývoz 
610 2 0 |a známky ochranné 
100 1 |a Jurík, Pavol